ARRUPE JESUIT UNIVERSITY

CORONAVIRUS -STOP THE SPREAD - CLEAN,DISINFECT,COVER

Swedish cinema, from Ingeborg Holm to Fanny and Alexander / (Record no. 126114)

MARC details
000 -LEADER
fixed length control field 00759cam a2200253 a 4500
001 - CONTROL NUMBER
control field 3356573
003 - CONTROL NUMBER IDENTIFIER
control field ARRUPE
005 - DATE AND TIME OF LATEST TRANSACTION
control field 20170214114151.0
008 - FIXED-LENGTH DATA ELEMENTS--GENERAL INFORMATION
fixed length control field 860325s1985 sw a 001 0 eng
010 ## - LIBRARY OF CONGRESS CONTROL NUMBER
LC control number 86136796
020 ## - INTERNATIONAL STANDARD BOOK NUMBER
International Standard Book Number 9152001628 (pbk.)
040 ## - CATALOGING SOURCE
Original cataloging agency DLC
Transcribing agency DLC
Modifying agency DLC
043 ## - GEOGRAPHIC AREA CODE
Geographic area code e-sw---
050 00 - LIBRARY OF CONGRESS CALL NUMBER
Classification number PN1993.5.S8
Item number C64 1985
082 00 - DEWEY DECIMAL CLASSIFICATION NUMBER
Classification number 791.43/09485
Edition number 19
300 ## - PHYSICAL DESCRIPTION
Other physical details ill. ;
Dimensions 17 cm.
100 1# - MAIN ENTRY--PERSONAL NAME
Personal name Cowie, Peter.
9 (RLIN) 28818
245 10 - TITLE STATEMENT
Title Swedish cinema, from Ingeborg Holm to Fanny and Alexander /
Statement of responsibility, etc by Peter Cowie.
260 ## - PUBLICATION, DISTRIBUTION, ETC. (IMPRINT)
Place of publication, distribution, etc Stockholm, Sweden :
Name of publisher, distributor, etc Swedish Institute,
Date of publication, distribution, etc c1985.
300 ## - PHYSICAL DESCRIPTION
Extent 160 p. :
500 ## - GENERAL NOTE
General note Includes indexes.
650 #0 - SUBJECT ADDED ENTRY--TOPICAL TERM
Topical term or geographic name as entry element Sweden
General subdivision Film
9 (RLIN) 27473
906 ## - LOCAL DATA ELEMENT F, LDF (RLIN)
a 7
b cbc
c orignew
d 3
e ncip
f 19
g y-gencatlg
942 ## - ADDED ENTRY ELEMENTS (KOHA)
Source of classification or shelving scheme Library of Congress Classification
Koha item type Monograph ( Printed materials)
Holdings
Withdrawn status Lost status Source of classification or shelving scheme Damaged status Not for loan Collection code Home library Current library Shelving location Date acquired Total Checkouts Full call number Barcode Date last seen Price effective from Koha item type
    Library of Congress Classification     Main Collection ARRUPE LIBRARY ARRUPE LIBRARY Main Collection 14/02/2017   PN1993.5.S8 C874 1985 46500023876 27/03/2019 14/02/2017 Monograph ( Printed materials)

 

Arrupe Library. PO Box MP320 Mt Pleasant, Harare, Zimbabwe
263 242 745411|librarian@aju.ac.zw